| 000 | 00355nam a22001217a 4500 | ||
|---|---|---|---|
| 020 | _aNA | ||
| 082 |
_222 _a908.91418 |
||
| 100 | _aNorbu Choelen. | ||
| 245 | _aThe garden of mind stretching historical account account of khardung gyalpo monograph 5 / | ||
| 260 |
_aCBS, Thimphu, _bCBS, Thimphu, _c908.91418 |
||
| 300 |
_a70 p,; _bNA _c24cm. |
||
| 942 |
_2ddc _cMAG |
||
| 999 |
_c1576 _d1576 |
||